In the shadow of the silent majorities, or, the end of the social, and other essays = A la sombra de las mayorías silenciosas, o, el final de la vida social, y otros ensayos /

Gespeichert in:
Bibliographische Detailangaben
1. Verfasser: Baudrillard, Jean, 1929-2007
Format: Unbekannt
Sprache:English
Veröffentlicht: New York : Semiotext(e), 1983.
Schlagworte:
Tags: Tag hinzufügen
Keine Tags, Fügen Sie den ersten Tag hinzu!

MARC

LEADER 000000000a22000000004500
001 011621
020 |a 0936756004 
041 0 |a eng 
082 0 4 |a 302.23   |b B342s 
100 1 |a Baudrillard, Jean,   |d 1929-2007 
245 1 0 |a In the shadow of the silent majorities, or, the end of the social, and other essays =   |b A la sombra de las mayorías silenciosas, o, el final de la vida social, y otros ensayos /   |c Jean Baudrillard. 
246 3 1 |a A la sombra de las mayorías silenciosas, o, el final de la vida social, y otros ensayos 
260 1 |a New York :   |b Semiotext(e),   |c 1983. 
300 |a 123 páginas 
650 4 |a SOCIEDAD 
650 4 |a MEDIOS DE COMUNICACION 
650 4 |a CIVILIZACION MODERNA 
650 4 |a SIGLO 20 
500 |a Colección George Yúdice 
999 |c 17656  |d 17656 
942 |c BK  |h 302.23 B342s  |2 z